000 nam a22 7a 4500
999 _c29377
_d29377
008 171205b xxu||||| |||| 00| 0 eng d
020 _a9789966469663
050 _aAFR PR 9381.9 .N3H3 2011
100 _aNamale, Ambayisi.
245 _aHonourable Criminals /
_cAmbayisi, Namale.
250 _a1st ed.
260 _aKenya:
_bEast African Educational Publishers,
_c2011.
300 _a120p.
_c20cm
650 _aOral Literature
942 _2lcc
_cBOOKS
_hAFR PR 9381.9 .N3H3 2011